| 000 | 00880cam a22002531 4500 | ||
|---|---|---|---|
| 001 | 279936 | ||
| 003 | ARRUPE | ||
| 005 | 20141114125327.0 | ||
| 008 | 720121s1965 nyu b 000 0 eng | ||
| 010 | _a 65020058 | ||
| 040 |
_aDLC _cDLC _dDLC |
||
| 050 | 0 | 0 |
_aLD760 _b.L5 |
| 082 | 0 | 0 | _a378.19810979467 |
| 100 | 1 |
_aLipset, Seymour Martin, _eed. _912664 |
|
| 245 | 1 | 4 |
_aThe Berkeley student revolt: facts and interpretations, _cedited by Seymour Martin Lipset and Sheldon S. Wolin. |
| 260 |
_aGarden City, N.Y., _bAnchor Books, _c1965. |
||
| 300 |
_axiv, 585 p. _c19 cm. |
||
| 504 | _aBibliographical footnotes. | ||
| 610 | 2 | 0 |
_aUniversity of California, Berkeley _xHistory. _912665 |
| 650 | 0 |
_aCollege students _xPolitical activity. _912666 |
|
| 700 | 1 |
_aWolin, Sheldon S., _ejoint ed. _912667 |
|
| 906 |
_a7 _bcbc _corignew _du _eocip _f19 _gy-gencatlg |
||
| 942 |
_2lcc _cMONOGRAPH |
||
| 999 |
_c121250 _d121250 |
||